[Event "RUS-chT U18"]
[Site "St Petersburg"]
[Date "2015.08.01"]
[Round "1.3"]
[White "Vavulin, Maksim"]
[Black "Chernov, Maksim"]
[Result "1-0"]
[WhiteElo "2435"]
[BlackElo "2047"]
[PlyCount "63"]
[EventDate "2015.08.01"]
[EventType "team-swiss"]
[EventRounds "9"]
[EventCountry "RUS"]
[SourceTitle "CBM 167 Extra"]
[Source "ChessBase"]
[SourceDate "2015.09.14"]
[SourceVersion "1"]
[SourceVersionDate "2015.09.14"]
[SourceQuality "1"]
[WhiteTeam "Moscow SSHOR Youth"]
[BlackTeam "St Petersburg Anichkov Palace"]
[WhiteTeamCountry "RUS"]
[BlackTeamCountry "RUS"]

1. e4 c5 2. Nf3 d6 3. d4 cxd4 4. Nxd4 Nf6 5. Nc3 a6 6. Be3 e5 7. Nb3 Be6 8. h3 Nbd7 9. g4 Nb6 10. g5 Nfd7 11. Qd2 Qc7 12. 0-0-0 Nc4 13. Bxc4 Bxc4 14. f4 Be7 15. h4 Rc8 16. f5 b5 17. Qg2 Nb6 18. Kb1 Na4 19. Bd2 f6 20. Be1 Bf7 21. Nd5 Bxd5 22. Rxd5 fxg5 23. Ba5 Qc6 24. c3 g4 25. Qxg4 0-0 26. Rg1 Rf7 27. h5 h6 28. Qg6 Kf8 29. Qh7 Bg5 30. Bb4 Rd8 31. Rxe5 Rfd7 32. Nd4 1-0

[Event "Chigorin Memorial 21st"]
[Site "St Petersburg"]
[Date "2013.10.13"]
[Round "9"]
[White "Chernov, Maksim"]
[Black "Khatenever, Feliks"]
[Result "1-0"]
[WhiteElo "1962"]
[BlackElo "1837"]
[PlyCount "75"]
[EventDate "2013.10.05"]
[EventType "swiss"]
[EventRounds "9"]
[EventCountry "RUS"]
[SourceTitle "CBM 156 Extra"]
[Source "ChessBase"]
[SourceDate "2013.10.22"]
[SourceVersion "1"]
[SourceVersionDate "2013.10.22"]
[SourceQuality "1"]

1. e4 e6 2. d4 d5 3. Nc3 dxe4 4. Nxe4 Nd7 5. Nf3 Ngf6 6. Nxf6+ Nxf6 7. Bd3 c5 8. c3 cxd4 9. cxd4 Bb4+ 10. Bd2 Bd6 11. 0-0 Qb6 12. b3 Bd7 13. Rc1 Bb5 14. Qe2 Bxd3 15. Qxd3 0-0 16. Rc4 a5 17. Bc3 Nd5 18. Ng5 g6 19. Qh3 h5 20. Bd2 Bf4 21. Bxf4 Nxf4 22. Qf3 Nd5 23. Ne4 Qd8 24. Rd1 Qe7 25. a4 Rac8 26. Rdc1 Rxc4 27. Rxc4 b6 28. h3 Kg7 29. Nc3 Nxc3 30. Qxc3 Kg8 31. Rc6 Rb8 32. Qc4 Qa3 33. g3 Qa1+ 34. Kg2 Qe1 35. d5 exd5 36. Qxd5 Qe8 37. Rxg6+ Kf8 38. Qd6+ 1-0

[Event "Chigorin Memorial 21st"]
[Site "St Petersburg"]
[Date "2013.10.10"]
[Round "6"]
[White "Sokolov, Ilia"]
[Black "Chernov, Maksim"]
[Result "1-0"]
[WhiteElo "1792"]
[BlackElo "1962"]
[PlyCount "87"]
[EventDate "2013.10.05"]
[EventType "swiss"]
[EventRounds "9"]
[EventCountry "RUS"]
[SourceTitle "CBM 156 Extra"]
[Source "ChessBase"]
[SourceDate "2013.10.22"]
[SourceVersion "1"]
[SourceVersionDate "2013.10.22"]
[SourceQuality "1"]

1. Nf3 d5 2. b3 Nf6 3. Bb2 e6 4. g3 Bd6 5. Bg2 0-0 6. 0-0 c5 7. d4 Nc6 8. e3 cxd4 9. Nxd4 Nxd4 10. exd4 Qc7 11. Na3 Qa5 12. Nb1 b5 13. Qd2 Qxd2 14. Nxd2 Ba6 15. Rfc1 b4 16. a3 Bb7 17. axb4 Bxb4 18. c3 Bd6 19. c4 Bb4 20. Bc3 a5 21. c5 Bc6 22. Bxb4 axb4 23. Nf3 Nd7 24. Ne1 Rab8 25. Ra6 Rfc8 26. f4 f6 27. Nc2 Kf8 28. Re1 e5 29. Bh3 Rb7 30. fxe5 fxe5 31. Rxe5 Nxe5 32. Bxc8 Rc7 33. dxe5 Rxc8 34. Nd4 Be8 35. Rb6 Bd7 36. c6 Be8 37. c7 Ke7 38. Rb7 Bd7 39. Kf2 g6 40. Ke3 Rf8 41. Nc6+ Ke6 42. Rb8 Rc8 43. Rxc8 Bxc8 44. Na7 1-0

[Event "Chigorin Memorial 20th"]
[Site "St Petersburg"]
[Date "2012.10.27"]
[Round "1"]
[White "Chernov, Maksim"]
[Black "Dmitriev, Igor"]
[Result "1/2-1/2"]
[WhiteElo "1895"]
[BlackElo "2340"]
[PlyCount "115"]
[EventDate "2012.10.27"]
[EventType "swiss"]
[EventRounds "9"]
[EventCountry "RUS"]
[SourceTitle "EXT 2013"]
[Source "ChessBase"]
[SourceDate "2012.11.22"]
[SourceVersion "1"]
[SourceVersionDate "2012.11.22"]
[SourceQuality "1"]

1. e4 d6 2. d4 Nf6 3. Nc3 c6 4. f4 Qa5 5. Bd3 e5 6. Nf3 Bg4 7. fxe5 dxe5 8. dxe5 Nfd7 9. Bf4 Nxe5 10. Bxe5 Bxf3 11. Qxf3 Qxe5 12. Bc4 f6 13. 0-0-0 Nd7 14. Bf7+ Kxf7 15. Rxd7+ Be7 16. Rxb7 Rhb8 17. Rxb8 Rxb8 18. Na4 Qd4 19. Nc3 Qe5 20. Qf5 Qxf5 21. exf5 Bd6 22. g3 Be5 23. Na4 h5 24. Rd1 Ke7 25. c3 h4 26. Nc5 Rb5 27. b4 hxg3 28. hxg3 Bxc3 29. Rd7+ Ke8 30. Rxa7 Rxb4 31. Ne6 Be5 32. Rxg7 Rb2 33. a4 Ra2 34. Ra7 Bxg3 35. Kb1 Rd2 36. a5 Rd7 37. Ra8+ Ke7 38. Kc2 Kd6 39. a6 Bf2 40. Rd8 Rxd8 41. Nxd8 Kc7 42. Ne6+ Kb6 43. Nd8 c5 44. Kd3 Kxa6 45. Kc4 Kb6 46. Kd5 Kb5 47. Nb7 Kb4 48. Nd6 Be3 49. Nc4 Bd4 50. Nd6 Be5 51. Nc4 Bg3 52. Nb2 Kb3 53. Nc4 Bf2 54. Nd2+ Kb4 55. Nc4 Kc3 56. Nd6 Kd3 57. Ne4 Bd4 58. Nxf6 1/2-1/2

[Event "St Petersburg Autumn op"]
[Site "St Petersburg"]
[Date "2011.11.03"]
[Round "7"]
[White "Oparina, Vera"]
[Black "Chernov, Maksim"]
[Result "0-1"]
[WhiteElo "1475"]
[BlackElo "1746"]
[PlyCount "54"]
[EventDate "2011.10.28"]
[EventType "swiss"]
[EventRounds "9"]
[EventCountry "RUS"]
[SourceTitle "EXT 2013"]
[Source "ChessBase"]
[SourceDate "2012.11.22"]
[SourceVersion "1"]
[SourceVersionDate "2012.11.22"]
[SourceQuality "1"]

1. d4 Nf6 2. c4 g6 3. Nc3 d5 4. cxd5 Nxd5 5. e4 Nxc3 6. bxc3 Bg7 7. f4 c5 8. Nf3 0-0 9. e5 cxd4 10. cxd4 Bg4 11. Qb3 Bxf3 12. Qxf3 Qxd4 13. Rb1 Nc6 14. Qe3 Qd5 15. Rxb7 Nxe5 16. Rb5 Qxa2 17. fxe5 Rfc8 18. Be2 Rc2 19. Bf3 Qc4 20. Rb1 Rc8 21. Bd2 Qa2 22. Bd1 Rxd2 23. Rb7 Rxd1+ 24. Kxd1 Qd5+ 25. Qd2 Qxb7 26. Ke2 Qxg2+ 27. Ke3 Bh6+ 0-1